000 00555nam a2200217Ia 4500
008 101110s9999 xx 000 0 und d
041 _aMARATHI
082 _bSR25631
100 _aBhamare Jitendra Suresh
245 _aAashiyacha itihas (1900-1976) SYBA
260 _c2004
_bSheth publication, Mumbai
300 _a226
365 _b70
520 _aHistory
546 _aMARATHI
630 _aAashiyacha itihas (1900-1976) SYBA
650 _aHistory
655 _aHistory
730 _aAashiyacha itihas (1900-1976) SYBA
942 _cBOOK
999 _c818241
_d818238